ბათუმის შოთა რუსთაველის სახელმწიფო უნივერსიტეტის ბიბლიოთეკა

რეგიონი : (ბიბ.ჩანაწერი № 58545)

000 -ლიდერი
ფიქსირებული სიგრძის საკონტროლო ველი 01471nam a22002417a 4500
003 - საკონტროლო ნომრის იდენტიფიკატორი
საკონტროლო ველი Ge_BSU
005 - ბოლო ოპერაციის თარიღი და დრო
საკონტროლო ველი 20220601115135.0
008 - ფიქსირებული სიგრძის მონაცემთა ელემენტები - ზოგადი ინფორმაცია
ფიქსირებული სიგრძის საკონტროლო ველი 220601s2020 ge ||||| |||| 00| 0 geo d
020 ## - წიგნის საერთაშორისო სტანდარტული ნომერი
International Standard Book Number 9789941268052
041 ## - ენის კოდი
Language code of text/sound track or separate title geo
080 ## - უნივერსალური ათობითი კლასიფიკაციის ინდექსი
Universal Decimal Classification number 33 გ-91
100 ## - მთავარი ჩანაწერი - პიროვნების სახელი
Personal name გრძელიშვილი ნოდარ.
9 (RLIN) 4965
245 ## - ცნობა სათაურის შესახებ
Title რეგიონი :
Remainder of title ეკონომიკა, პოლიტიკა, მართვა. /
Statement of responsibility, etc ნ. გრძელიშვილი. [რედ. : ჭითანავა ნ.], რეც. : თ. ბაბუნაშვილი , ნ. გოგოლაური, ზ. სანადირაძე.
264 ## - წარმოების, გამოცემის, დისტრიბუციის და სხვა ცნობები
გამოცემის, წარმოების, დისტრიბუციის... ადგილი თბილისი :
გამოცემის, წარმოების, დისტრიბუციის... სახელწოდება უნივერსალი,
გამოცემის, წარმოების, დისტრიბუციის... თარიღი 2020.
300 ## - ფიზიკური აღწერა
Extent 381 გვ.:
Other physical details გრაფიკები, სქემები.
Dimensions 30 სმ.
500 ## - ზოგადი შენიშვნა
General note გარეკანზე პარალ. სათ ინგლ. ენაზე
504 ## - BIBLIOGRAPHY, ETC. NOTE
Bibliography, etc ბიბლიოგრ. გვ.324 -339.
653 ## - INDEX TERM--UNCONTROLLED
Uncontrolled term ეკონომიკური მდგომარეობა. ეკონომიკური პოლიტიკა
653 ## - INDEX TERM--UNCONTROLLED
Uncontrolled term მენეჯმენტი, დაგეგმვა. წარმოება. მომსახურება. ფასები.
700 ## - ADDED ENTRY--PERSONAL NAME
Personal name ჭითანავა ნ.
Relator term რდაქტორი
9 (RLIN) 883
710 ## - ADDED ENTRY--CORPORATE NAME
Corporate name or jurisdiction name as entry element ახალი უმაღლესი სასწავლებელი
9 (RLIN) 13930
942 ## - ADDED ENTRY ELEMENTS (KOHA)
Source of classification or shelving scheme
Koha item type წიგნი
ეგზემპლარები
ჩამოწერის სტატუსი დაკარგული ეგზემპლარის სტატუსი კლასიფიკაციის წყარო ან თაროზე გაწყობის სქემა დაზიანების სტატუსი არ გაიცემა მუდმივი მდებარეობა (დაცვის ადგილი) ამჟამინდელი ადგილსამყოფელი თაროზე განთავსების ადგილი შეძენის თარიღი ღირებულება, შესყიდვის ნორმალური ფასი სრული შენახვის შიფრი შტრიხკოდი ბოლო ოპერაციის თარიღი ეგზემპლარის მიმდევრობითი ნომერი (კეტერი?) ფასის ძალაში შესვლის თარიღი ეგზემპლარის სახეობა საჯარო შენიშვნა
          ბათუმის შოთა რუსთაველის სახელმწიფო უნივერსიტეტის მთავარი ბიბლიოთეკა ბათუმის შოთა რუსთაველის სახელმწიფო უნივერსიტეტის მთავარი ბიბლიოთეკა წიგნსაცავი 2022-06-01 60.00 33 გ-91 62494 2022-06-01 62494 2022-06-01 წიგნი 60 ლ.
          ბათუმის შოთა რუსთაველის სახელმწიფო უნივერსიტეტის მთავარი ბიბლიოთეკა ბათუმის შოთა რუსთაველის სახელმწიფო უნივერსიტეტის მთავარი ბიბლიოთეკა წიგნსაცავი 2022-06-01 60.00 33 გ-91 62495 2022-06-01 62495 2022-06-01 წიგნი 60 ლ.
          ბათუმის შოთა რუსთაველის სახელმწიფო უნივერსიტეტის მთავარი ბიბლიოთეკა ბათუმის შოთა რუსთაველის სახელმწიფო უნივერსიტეტის მთავარი ბიბლიოთეკა წიგნსაცავი 2022-06-01 60.00 33 გ-91 62496 2022-06-01 62496 2022-06-01 წიგნი 60 ლ.
          ბათუმის შოთა რუსთაველის სახელმწიფო უნივერსიტეტის მთავარი ბიბლიოთეკა ბათუმის შოთა რუსთაველის სახელმწიფო უნივერსიტეტის მთავარი ბიბლიოთეკა წიგნსაცავი 2022-06-01 60.00 33 გ-91 62497 2022-06-01 62497 2022-06-01 წიგნი 60 ლ.
          ბათუმის შოთა რუსთაველის სახელმწიფო უნივერსიტეტის მთავარი ბიბლიოთეკა ბათუმის შოთა რუსთაველის სახელმწიფო უნივერსიტეტის მთავარი ბიბლიოთეკა წიგნსაცავი 2022-06-01 60.00 33 გ-91 62498 2022-06-01 62498 2022-06-01 წიგნი 60 ლ.